Statistiques concernant Mots mêlés - Les Aventures de Tintin

Cliquez ici pour prendre le quiz!

Statistiques générales

  • Ce quiz a été pris 679 fois
  • Le résultat moyen est 11 sur 15

Réponses sur la Carte

Les réponses sont colorées sur une échelle allant du rouge au vert en fonction du pourcentage des utilisateurs qui les ont devinées à leur premier essai. Vous pouvez retrouver ces pourcentages ci-dessous.
 

Statistiques - réponses

Réponse% Correct
Reporter
98%
Dupond
97%
Dupont
95%
Haddock
92%
Rackham
88%
Tournesol
84%
Milou
83%
Castafiore
80%
Moulinsart
72%
Syldavie
60%
Belgique
55%
Nestor
50%
Hergé
47%
Tchang
45%
Tintinophilie
9%

Distribution des résultats

Percentile par nombre de réponses

% des personnes avec chaque résultat

Votre développement - résultats

Vous n’avez pas pris ce quiz